Giáo trình phương pháp dạy học các môn học về tự nhiên và xã hội Dành cho sinh viên ngành Giáo dục tiểu học hệ Đào tạo cử nhân hệ từ xa
Trình bày những vấn đề chung về lí luận dạy học các môn học về tự nhiên và xã hội. Hướng dẫn dạy học các chủ đề và các phần trong các môn học về tự nhiên xã hội, môn khoa học, môn lịch sử và địa lí
Đã lưu trong:
| Tác giả khác: | , , , , |
|---|---|
| Định dạng: | Sách |
| Ngôn ngữ: | Vietnamese |
| Được phát hành: |
H.
Đại học Sư phạm
2012
|
| Phiên bản: | In lần thứ 5 |
| Những chủ đề: | |
| Các nhãn: |
Thêm thẻ
Không có thẻ, Là người đầu tiên thẻ bản ghi này!
|
| Thư viện lưu trữ: | Mạng thư viện Đại học Đà Nẵng |
|---|
| LEADER | 01866aam a22004218a 4500 | ||
|---|---|---|---|
| 001 | 000016581 | ||
| 003 | 12984 | ||
| 005 | 20140721100728.0 | ||
| 008 | 121121s2012 viesd | ||
| 020 | |c 50000đ |d 1525b | ||
| 041 | 0 | |a vie | |
| 082 | 1 | 4 | |2 14 |a 372.357 |b Gia |
| 245 | 0 | 0 | |a Giáo trình phương pháp dạy học các môn học về tự nhiên và xã hội |b Dành cho sinh viên ngành Giáo dục tiểu học hệ Đào tạo cử nhân hệ từ xa |c Nguyễn Thị Thấn (ch.b.), Nguyễn Thượng Giao, Đào Thị Hồng... |
| 250 | |a In lần thứ 5 | ||
| 260 | |a H. |b Đại học Sư phạm |c 2012 | ||
| 300 | |a 271 tr. |b minh hoạ |c 24 cm. | ||
| 504 | |a Thư mục: tr. 270-271 | ||
| 520 | |a Trình bày những vấn đề chung về lí luận dạy học các môn học về tự nhiên và xã hội. Hướng dẫn dạy học các chủ đề và các phần trong các môn học về tự nhiên xã hội, môn khoa học, môn lịch sử và địa lí | ||
| 650 | 7 | |2 Bộ TK TVQG |a Tiểu học | |
| 650 | 7 | |2 Bộ TK TVQG |a Tự nhiên | |
| 650 | 7 | |2 Bộ TK TVQG |a Phương pháp giảng dạy | |
| 650 | 7 | |2 Bộ TK TVQG |a Xã hội | |
| 655 | 7 | |2 Bộ TK TVQG |a Giáo trình | |
| 700 | 1 | |a Nguyễn Thượng Giao | |
| 700 | 1 | |a Nguyễn Thị Thấn |e ch.b. | |
| 700 | 1 | |a Nguyễn Tuyết Nga | |
| 700 | 1 | |a Nguyễn Thị Hường | |
| 700 | 1 | |a Đào Thị Hồng | |
| OWN | |a LSP | ||
| AVA | |a UDN50 |b LSP |d 372.357 Gia |e check_holdings |t Error 5003 Not defined in file expand_doc_bib_avail. |h N |k 1 | ||
| 999 | |a From the UDN01 | ||
| AVA | |a UDN50 |b LSP |d 372.357 Gia |e available |t Error 5001 Not defined in file expand_doc_bib_avail. |f 15 |g 0 |h N |i 6 |k 1 | ||
| TYP | |a Monograph | ||
| TYP | |a Printed language | ||
| 980 | |a Mạng thư viện Đại học Đà Nẵng | ||